Operating system concepts (Record no. 612609)
[ view plain ]
| 000 -LEADER | |
|---|---|
| fixed length control field | 00356nam a22001337a 4500 |
| 040 ## - CATALOGING SOURCE | |
| Transcribing agency | Nust |
| 082 ## - DEWEY DECIMAL CLASSIFICATION NUMBER | |
| Classification number | 005.42 |
| Author Mark | SIL |
| 100 ## - MAIN ENTRY--PERSONAL NAME | |
| Personal name | Abraham Silberchatz |
| 9 (RLIN) | 127495 |
| 245 ## - TITLE STATEMENT | |
| Title | Operating system concepts |
| 250 ## - EDITION STATEMENT | |
| Edition statement | 6th edition |
| 260 ## - PUBLICATION, DISTRIBUTION, ETC. | |
| Place of publication, distribution, etc. | New York: |
| Name of publisher, distributor, etc. | John Willey and sons Inc, |
| Date of publication, distribution, etc. | 2002. |
| 650 ## - SUBJECT ADDED ENTRY--TOPICAL TERM | |
| Topical term or geographic name entry element | Operating system concepts |
| 9 (RLIN) | 60033 |
| 942 ## - ADDED ENTRY ELEMENTS (KOHA) | |
| Source of classification or shelving scheme | |
| Koha item type | Book |
| Withdrawn status | Lost status | Source of classification or shelving scheme | Damaged status | Not for loan | Permanent Location | Current Location | Shelving location | Date acquired | Total Checkouts | Full call number | Barcode | Checked out | Date last seen | Date last checked out | Price effective from | Koha item type |
|---|---|---|---|---|---|---|---|---|---|---|---|---|---|---|---|---|
| College of Electrical & Mechanical Engineering (CEME) | College of Electrical & Mechanical Engineering (CEME) | General Stacks | 01/13/2025 | 1 | 005.42 SIL | CEME- 35620 | 03/06/2026 | 02/04/2026 | 02/04/2026 | 01/13/2025 | Book | |||||
| College of Electrical & Mechanical Engineering (CEME) | College of Electrical & Mechanical Engineering (CEME) | 01/13/2025 | 005.42 SIL | CEME- 35618 | 01/13/2025 | 01/13/2025 | Book | |||||||||
| College of Electrical & Mechanical Engineering (CEME) | College of Electrical & Mechanical Engineering (CEME) | 01/13/2025 | 005.42 SIL | CEME- 35619 | 01/13/2025 | 01/13/2025 | Book | |||||||||
| College of Electrical & Mechanical Engineering (CEME) | College of Electrical & Mechanical Engineering (CEME) | 01/13/2025 | 005.42 SIL | CEME- 35621 | 01/13/2025 | 01/13/2025 | Book |
